[Event "Chess House GM 2020"]
[Site "Aarhus"]
[Date "2020.11.29"]
[Round "1"]
[White "Thybo, Jesper Sondergaard"]
[Black "Grigorian, Spartak"]
[Result "1-0"]
[WhiteElo "2565"]
[BlackElo "2433"]
[PlyCount "55"]
[EventDate "2020.11.??"]
[EventType "tourn"]
[EventRounds "9"]
[EventCountry "DEN"]

1. c4 e6 2. Nf3 Nf6 3. Nc3 d5 4. e3 b6 5. b3 Bb7 6. Bb2 a6 7. g3 c5 8. cxd5
Nxd5 9. Nxd5 Qxd5 10. Bg2 Nc6 11. O-O Qd7 12. Rc1 Rd8 13. d4 f6 14. Qe2 Bd6 15.
Rfd1 cxd4 16. Bxd4 Qc7 17. Bb2 Qe7 18. Nh4 Na5 19. Qh5+ Qf7 20. Qxf7+ Kxf7 21.
Rxd6 Rxd6 22. Rc7+ Ke8 23. Bxb7 Rd7 24. Rc8+ Rd8 25. Rxd8+ Kxd8 26. Bxa6 Kc7
27. Kf1 Nc6 28. Bc4 1-0

[Event "Chess House GM 2020"]
[Site "Aarhus"]
[Date "2020.11.29"]
[Round "1"]
[White "Bjerre, Jonas Buhl"]
[Black "Heimisson, Hilmir Freyr"]
[Result "1-0"]
[WhiteElo "2551"]
[BlackElo "2318"]
[PlyCount "81"]
[EventDate "2020.11.??"]
[EventType "tourn"]
[EventRounds "9"]
[EventCountry "DEN"]

1. d4 Nf6 2. c4 e6 3. Nf3 d5 4. g3 Be7 5. Bg2 O-O 6. Nc3 dxc4 7. Ne5 Nc6 8.
Bxc6 bxc6 9. Nxc6 Qe8 10. Nxe7+ Qxe7 11. Qa4 c5 12. dxc5 Qxc5 13. Be3 Qc7 14.
f3 Nd5 15. Bd4 Rd8 16. Nxd5 exd5 17. Rd1 Bh3 18. Kf2 Re8 19. Rd2 h5 20. Qa3 Re6
21. Qc5 Qd7 22. Bc3 Rae8 23. e4 Rd6 24. Rhd1 Rc8 25. Qe3 Be6 26. Qg5 f6 27.
Bxf6 Rf8 28. Be7 Rf7 29. Bxd6 Qxd6 30. Kg2 Qd7 31. Qxh5 Qa4 32. exd5 Bf5 33. d6
Bd7 34. Re1 Bc6 35. Rf2 Qb4 36. Qe5 Qb7 37. Re3 Qb6 38. Rc3 Rf6 39. Rxc4 Rxd6
40. Rg4 g6 41. Rh4 1-0

[Event "Chess House GM 2020"]
[Site "Aarhus"]
[Date "2020.12.05"]
[Round "1"]
[White "Ramsdal, Jens Albert"]
[Black "Danielsen, Henrik"]
[Result "0-1"]
[WhiteElo "2292"]
[BlackElo "2517"]
[PlyCount "174"]
[EventDate "2020.11.??"]
[EventType "tourn"]
[EventRounds "9"]
[EventCountry "DEN"]

1. e4 e5 2. Nf3 Nf6 3. Nc3 Bb4 4. a3 Bxc3 5. dxc3 d6 6. Bc4 Be6 7. Qe2 O-O 8.
Bg5 Nbd7 9. O-O-O Qe8 10. Nd2 a6 11. f3 b5 12. Bb3 Rb8 13. h4 a5 14. h5 h6 15.
Be3 a4 16. Bxe6 Qxe6 17. g4 Nh7 18. Nb1 Nb6 19. Bxb6 Rxb6 20. Qd3 Ng5 21. Rhf1
Nh3 22. Qd5 Qf6 23. Qd2 Nf4 24. b4 Qe6 25. Kb2 c5 26. Qf2 Rc8 27. Rd2 Rbc6 28.
Rfd1 cxb4 29. axb4 Qe7 30. Qf1 Qc7 31. Qxb5 a3+ 32. Nxa3 Rxc3 33. Qa4 Rxf3 34.
c4 Rb8 35. b5 Ne6 36. Rxd6 Nd4 37. Rd5 Qc8 38. c5 Ra8 39. R1xd4 exd4 40. Qxd4
Qxg4 41. Nc2 Kh7 42. b6 Qg2 43. Qc4 Rf2 44. b7 Rxc2+ 45. Qxc2 Ra2+ 46. Kxa2
Qxc2+ 47. Ka3 Qc1+ 48. Ka4 Qb1 49. Rd7 Qxe4+ 50. Kb5 f5 51. c6 f4 52. Kc5 Qe3+
53. Rd4 Qe5+ 54. Rd5 Qc7 55. Rd7 Qe5+ 56. Rd5 Qc7 57. Rd7 Qa5+ 58. Kd6 Qb6 59.
Rf7 Qd8+ 60. Rd7 Qb8+ 61. Kc5 Qa7+ 62. Kd6 f3 63. Kc7 f2 64. Rf7 Qa5+ 65. Kc8
Qd5 66. Rxf2 Qxc6+ 67. Kb8 Qe8+ 68. Kc7 Qe5+ 69. Kc6 Qc3+ 70. Kd5 Qb3+ 71. Kc6
Qc4+ 72. Kd6 Qd4+ 73. Kc6 Qxf2 74. b8=Q Qf3+ 75. Kd7 Qxh5 76. Qf4 Qd5+ 77. Kc7
h5 78. Qg3 g5 79. Qh3 Kg6 80. Kb6 Qd4+ 81. Kc6 g4 82. Qh1 h4 83. Qb1+ Kg5 84.
Qb5+ Kf4 85. Qb8+ Kf3 86. Qh2 Qf2 87. Qh1+ Kg3 0-1

[Event "Chess House GM 2020"]
[Site "Aarhus"]
[Date "2020.11.29"]
[Round "1"]
[White "Georgescu, Lena"]
[Black "Nilssen, Ellen Fredericia"]
[Result "1/2-1/2"]
[WhiteElo "2278"]
[BlackElo "2174"]
[PlyCount "63"]
[EventDate "2020.11.??"]
[EventType "tourn"]
[EventRounds "9"]
[EventCountry "DEN"]

1. e4 e6 2. d4 d5 3. Nc3 Bb4 4. e5 c5 5. Bd2 Ne7 6. a3 Bxc3 7. Bxc3 b6 8. Bb5+
Bd7 9. Bd3 Nbc6 10. Nf3 Qb8 11. O-O a5 12. Re1 Bc8 13. Ng5 h6 14. Nh3 cxd4 15.
Bd2 Ba6 16. Bxa6 Rxa6 17. Nf4 g6 18. Nd3 Ra7 19. b4 axb4 20. axb4 Kf8 21. b5
Na5 22. Qf3 Kg8 23. Qf6 Nf5 24. g4 Ng7 25. Reb1 Nc4 26. Bc1 Qa8 27. Rxa7 Qxa7
28. Nb4 Qa4 29. Qd8+ Kh7 30. Qf6 Kg8 31. Qd8+ Kh7 32. Qf6 1/2-1/2

[Event "Chess House GM 2020"]
[Site "Aarhus"]
[Date "2020.11.29"]
[Round "1"]
[White "Haubro, Martin"]
[Black "Boe Olsen, Filip"]
[Result "0-1"]
[WhiteElo "2434"]
[BlackElo "2354"]
[PlyCount "100"]
[EventDate "2020.11.??"]
[EventType "tourn"]
[EventRounds "9"]
[EventCountry "DEN"]

1. e4 c6 2. d4 d5 3. e5 Bf5 4. h4 h6 5. g4 Bd7 6. Nc3 e6 7. Be3 Qc7 8. Nf3 a6
9. Qd2 c5 10. dxc5 Bxc5 11. Bxc5 Qxc5 12. Qd4 Qxd4 13. Nxd4 h5 14. gxh5 Rxh5
15. Be2 Rh6 16. O-O-O Nc6 17. Nxc6 Bxc6 18. Rhg1 g6 19. h5 Ne7 20. hxg6 Nxg6
21. Bd3 Ke7 22. Bxg6 fxg6 23. f4 Rf8 24. Rg4 Rh2 25. Rd2 Rh1+ 26. Rd1 Rh2 27.
Rd2 Rh1+ 28. Nd1 Be8 29. c3 g5 30. Rxg5 Rxf4 31. Kc2 Rh5 32. Rdg2 Re4 33. Rxh5
Bxh5 34. Rg7+ Kf8 35. Rxb7 Re1 36. Rb6 Kf7 37. Rxa6 Rxd1 38. b4 Rg1 39. b5 Rg8
40. a4 Be2 41. Kb3 Rc8 42. Ra7+ Kg6 43. b6 Kf5 44. b7 Rb8 45. Kb4 d4 46. cxd4
Bf3 47. Kc5 Bxb7 48. a5 Bd5 49. Rc7 Ra8 50. Kb6 Ke4 0-1

[Event "Chess House GM 2020"]
[Site "Aarhus"]
[Date "2020.11.29"]
[Round "2"]
[White "Thybo, Jesper Sondergaard"]
[Black "Bjerre, Jonas Buhl"]
[Result "1/2-1/2"]
[WhiteElo "2565"]
[BlackElo "2551"]
[PlyCount "42"]
[EventDate "2020.11.??"]
[EventType "tourn"]
[EventRounds "9"]
[EventCountry "DEN"]

1. c4 c5 2. Nf3 Nc6 3. Nc3 Nf6 4. g3 d5 5. cxd5 Nxd5 6. Nxd5 Qxd5 7. Bg2 g6 8.
O-O Bg7 9. d3 O-O 10. Be3 Bxb2 11. Rb1 Bf6 12. Qa4 Qd7 13. Bxc5 b6 14. Bxb6 Nd4
15. Qd1 axb6 16. Nxd4 Rxa2 17. Nc6 Qd6 18. Nb4 Ra5 19. Nc6 Ra2 20. Nb4 Ra5 21.
Nc6 Ra2 1/2-1/2

[Event "Chess House GM 2020"]
[Site "Aarhus"]
[Date "2020.11.29"]
[Round "2"]
[White "Heimisson, Hilmir Freyr"]
[Black "Ramsdal, Jens Albert"]
[Result "1-0"]
[WhiteElo "2318"]
[BlackElo "2292"]
[PlyCount "153"]
[EventDate "2020.11.??"]
[EventType "tourn"]
[EventRounds "9"]
[EventCountry "DEN"]

1. e4 c5 2. Nf3 d6 3. d4 cxd4 4. Qxd4 Nc6 5. Bb5 Bd7 6. Bxc6 Bxc6 7. Nc3 Nf6 8.
Bg5 e6 9. O-O-O Be7 10. h4 h6 11. Bxf6 gxf6 12. Qe3 Qa5 13. Nd4 Bd7 14. Kb1
O-O-O 15. Nb3 Qa6 16. Rd4 Kb8 17. Rhd1 Qb6 18. Qe2 h5 19. a3 Rc8 20. R1d3 d5
21. exd5 e5 22. Re4 Bf5 23. Qf3 Bxe4 24. Nxe4 Rc4 25. d6 Bd8 26. Nxf6 Qb5 27.
g3 Rh6 28. Ne4 Qc6 29. Nbd2 Rxc2 30. Qxf7 Rc1+ 31. Ka2 Rh8 32. f3 a5 33. Qd5
Re8 34. Qxc6 Rxc6 35. a4 Bb6 36. Kb3 Bd4 37. Nc4 Rec8 38. Ned2 Bf2 39. Nxe5
Rb6+ 40. Ka2 Rd8 41. Ne4 Be1 42. Nf7 Rd7 43. Ne5 Rd8 44. Nf7 Rd7 45. Nc5 Rxf7
46. d7 Rf8 47. d8=Q+ Rxd8 48. Rxd8+ Ka7 49. Rg8 Rc6 50. Nd3 Bd2 51. Kb3 Re6 52.
f4 Re3 53. Kc2 Re2 54. Kd1 Rg2 55. Rg5 Kb6 56. Re5 Bb4 57. Nxb4 axb4 58. Rxh5
Rxb2 59. g4 Rh2 60. Rb5+ Kc6 61. h5 Rh4 62. g5 Rxf4 63. g6 Rg4 64. Kc2 b3+ 65.
Kxb3 Rg3+ 66. Ka2 Rg2+ 67. Ka3 Rg1 68. Rf5 Rg3+ 69. Kb2 Rg4 70. a5 Kd6 71. Kc3
Ke6 72. Rb5 Kf6 73. Rxb7 Rg3+ 74. Kb4 Rg4+ 75. Kb5 Rg5+ 76. Kb6 Rxh5 77. g7 1-0

[Event "Chess House GM 2020"]
[Site "Aarhus"]
[Date "2020.11.29"]
[Round "2"]
[White "Danielsen, Henrik"]
[Black "Georgescu, Lena"]
[Result "1-0"]
[WhiteElo "2517"]
[BlackElo "2278"]
[PlyCount "77"]
[EventDate "2020.11.??"]
[EventType "tourn"]
[EventRounds "9"]
[EventCountry "DEN"]

1. Nf3 Nf6 2. g3 d5 3. Bg2 c6 4. O-O Bg4 5. d4 e6 6. Nbd2 Be7 7. Re1 O-O 8. e4
Bh5 9. c3 Bg6 10. exd5 cxd5 11. Qb3 Qb6 12. Ne5 Nc6 13. Nxg6 hxg6 14. Qxb6 axb6
15. Bf1 Rfc8 16. a3 Ne8 17. Nf3 Nd6 18. Bf4 Nc4 19. Re2 N6a5 20. h4 Nb3 21. Rd1
Bd6 22. Bxd6 Nxd6 23. Ne5 Nc4 24. Nd3 Re8 25. Bh3 Kf8 26. Nf4 Nba5 27. Rde1
Rab8 28. Kg2 Ra8 29. g4 Nc6 30. g5 Nd6 31. h5 gxh5 32. g6 Nf5 33. gxf7 Kxf7 34.
Nxe6 g6 35. Bxf5 gxf5 36. Nf4 Ne7 37. Nxh5 Rg8+ 38. Kf1 Ng6 39. Re6 1-0

[Event "Chess House GM 2020"]
[Site "Aarhus"]
[Date "2020.11.29"]
[Round "2"]
[White "Nilssen, Ellen Fredericia"]
[Black "Haubro, Martin"]
[Result "0-1"]
[WhiteElo "2174"]
[BlackElo "2434"]
[PlyCount "112"]
[EventDate "2020.11.??"]
[EventType "tourn"]
[EventRounds "9"]
[EventCountry "DEN"]

1. d4 f5 2. c4 Nf6 3. Nf3 g6 4. g3 Bg7 5. Bg2 O-O 6. O-O d6 7. b3 c6 8. Bb2 Nh5
9. e3 Nd7 10. Ng5 Nb6 11. Qc2 e5 12. f4 h6 13. Nf3 e4 14. Nfd2 Be6 15. Nc3 d5
16. cxd5 cxd5 17. Rac1 Nf6 18. a4 g5 19. Bh3 gxf4 20. Rxf4 Nh5 21. Rh4 Bf7 22.
Ba3 Re8 23. Qd1 Qg5 24. Qe2 Nxg3 25. hxg3 Qxg3+ 26. Qg2 Qxh4 27. Nb5 Kh8 28.
Nd6 Be6 29. Bxf5 Bxd4 30. Rc7 Qe1+ 31. Nf1 Bxe3+ 32. Kh1 Qh4+ 33. Nh2 Qe1+ 34.
Nf1 Qh4+ 35. Nh2 Re7 36. Rxe7 Qxe7 37. Qg3 Bd4 38. Qg6 Qg7 39. Qxg7+ Kxg7 40.
Bxe6 Kf6 41. Bh3 h5 42. Nf5 Bc3 43. Nf1 Re8 44. N1g3 e3 45. Nd6 Re5 46. Nb5 e2
47. Nxe2 Rxe2 48. Nxc3 Re3 49. Bb2 Rxh3+ 50. Kg2 Rd3 51. Nxd5+ Kf5 52. Nxb6
axb6 53. a5 Rd2+ 54. Kh3 Rxb2 55. Kh4 Rxb3 56. Kxh5 Rh3# 0-1

[Event "Chess House GM 2020"]
[Site "Aarhus"]
[Date "2020.11.29"]
[Round "2"]
[White "Grigorian, Spartak"]
[Black "Boe Olsen, Filip"]
[Result "1-0"]
[WhiteElo "2433"]
[BlackElo "2354"]
[PlyCount "79"]
[EventDate "2020.11.??"]
[EventType "tourn"]
[EventRounds "9"]
[EventCountry "DEN"]

1. d4 d5 2. c4 c6 3. Nc3 Nf6 4. cxd5 cxd5 5. Bf4 Nc6 6. e3 Bf5 7. Qb3 Na5 8.
Qa4+ Bd7 9. Qc2 e6 10. Bd3 Rc8 11. Nf3 b5 12. a3 Be7 13. O-O O-O 14. Rac1 a6
15. Qe2 Nc4 16. Ne5 Be8 17. Rfd1 Nd6 18. Bb1 Nfe4 19. Nxe4 dxe4 20. Ba2 Kh8 21.
Qd2 Rxc1 22. Rxc1 Qb6 23. Qc2 g5 24. Bg3 f6 25. Nc6 Bxc6 26. Bxd6 Bxd6 27. Qxc6
Qxc6 28. Rxc6 Bb8 29. Bxe6 f5 30. Bxf5 Bxh2+ 31. Kxh2 Rxf5 32. Kg1 Rf7 33. Rxa6
Rc7 34. g4 Rc2 35. b4 Ra2 36. Ra5 h6 37. Rxb5 Rxa3 38. Rb8+ Kg7 39. b5 Rb3 40.
b6 1-0

[Event "Chess House GM 2020"]
[Site "Aarhus"]
[Date "2020.11.30"]
[Round "3"]
[White "Ramsdal, Jens Albert"]
[Black "Thybo, Jesper Sondergaard"]
[Result "0-1"]
[WhiteElo "2292"]
[BlackElo "2565"]
[PlyCount "40"]
[EventDate "2020.11.??"]
[EventType "tourn"]
[EventRounds "9"]
[EventCountry "DEN"]

1. d4 Nf6 2. c4 e6 3. Nc3 Bb4 4. Qc2 b6 5. a3 Bxc3+ 6. Qxc3 Bb7 7. Bg5 d6 8. f3
Qe7 9. e4 e5 10. Be3 Nbd7 11. d5 O-O 12. Bd3 a5 13. b3 c6 14. dxc6 Bxc6 15. a4
Nh5 16. g4 Nf4 17. Bf1 Rac8 18. Qd2 Nc5 19. Rb1 Nxe4 20. fxe4 Bxe4 0-1

[Event "Chess House GM 2020"]
[Site "Aarhus"]
[Date "2020.11.30"]
[Round "3"]
[White "Georgescu, Lena"]
[Black "Heimisson, Hilmir Freyr"]
[Result "1/2-1/2"]
[WhiteElo "2278"]
[BlackElo "2318"]
[PlyCount "182"]
[EventDate "2020.11.??"]
[EventType "tourn"]
[EventRounds "9"]
[EventCountry "DEN"]

1. e4 c5 2. Nf3 Nc6 3. Bb5 g6 4. O-O Bg7 5. c3 Nf6 6. d4 Nxe4 7. d5 Nb8 8. Re1
Nd6 9. Bd3 O-O 10. h4 Ne8 11. Bg5 Nf6 12. d6 exd6 13. Bc4 b5 14. Bd5 Nc6 15. h5
Rb8 16. Nbd2 Ne7 17. Bxf6 Bxf6 18. Ne4 Nxd5 19. Qxd5 Bb7 20. Qxd6 Be7 21. Qf4
Bxe4 22. Qxe4 Bf6 23. Rad1 Rb6 24. Rd5 Qc7 25. Red1 Re6 26. Qd3 Rd8 27. hxg6
hxg6 28. Rxd7 Rxd7 29. Qxd7 Qxd7 30. Rxd7 a5 31. Rd5 Re2 32. Rd2 Re4 33. Rd5
Ra4 34. Rxc5 b4 35. cxb4 axb4 36. a3 bxa3 37. bxa3 Rxa3 38. Rc2 Kg7 39. Kf1 g5
40. Ke2 Kg6 41. Nd2 Ra4 42. f3 Be5 43. g4 f6 44. Ne4 Ra3 45. Kf2 Ra7 46. Kg2
Kf7 47. Rd2 Rc7 48. Nd6+ Ke6 49. Nf5 Rh7 50. Ng3 Bf4 51. Ra2 Kd5 52. Nh5 Be5
53. Ra6 Rf7 54. Ng3 Kd4 55. Ra4+ Kd3 56. Ra3+ Kc2 57. Re3 Ra7 58. Ne4 Bd4 59.
Re2+ Kd3 60. Rd2+ Ke3 61. Rc2 Be5 62. Nf2 Ra1 63. Ne4 Ra7 64. Nf2 Rh7 65. Nh3
Kd3 66. Ra2 Bd4 67. Nf2+ Ke3 68. Nh3 Rb7 69. Nf2 Rb1 70. Ne4 Rd1 71. Nf2 Rc1
72. Ne4 Rc6 73. Nf2 Rc8 74. Ne4 Rc7 75. Nf2 Rc4 76. Nd1+ Kd3 77. Nb2+ Bxb2 78.
Rxb2 Rc2+ 79. Rxc2 Kxc2 80. f4 Kd3 81. Kf3 Kd4 82. fxg5 fxg5 83. Kf2 Ke4 84.
Ke2 Kf4 85. Kf2 Kxg4 86. Kg2 Kf4 87. Kf2 g4 88. Kg2 g3 89. Kg1 Kf3 90. Kf1 g2+
91. Kg1 Kg3 1/2-1/2

[Event "Chess House GM 2020"]
[Site "Aarhus"]
[Date "2020.11.30"]
[Round "3"]
[White "Haubro, Martin"]
[Black "Danielsen, Henrik"]
[Result "0-1"]
[WhiteElo "2434"]
[BlackElo "2517"]
[PlyCount "56"]
[EventDate "2020.11.??"]
[EventType "tourn"]
[EventRounds "9"]
[EventCountry "DEN"]

1. e4 d6 2. d4 Nf6 3. Nc3 g6 4. Be3 c6 5. a4 Nbd7 6. f4 e5 7. Bd3 Bh6 8. Qf3
O-O 9. Nge2 exd4 10. Bxd4 Bg7 11. O-O Qa5 12. h3 Nc5 13. b4 Qxb4 14. a5 Nfxe4
15. Bxg7 Nd2 16. Qe3 Nxf1 17. Rxf1 Kxg7 18. f5 Nxd3 19. f6+ Kh8 20. Ne4 g5 21.
cxd3 Qxa5 22. Nxd6 Be6 23. Nd4 Qd5 24. Ne4 Rad8 25. Nf3 Qxd3 26. Qxg5 Rg8 27.
Qh4 Rd5 28. Neg5 Rdxg5 0-1

[Event "Chess House GM 2020"]
[Site "Aarhus"]
[Date "2020.12.01"]
[Round "4"]
[White "Thybo, Jesper Sondergaard"]
[Black "Georgescu, Lena"]
[Result "1-0"]
[WhiteElo "2565"]
[BlackElo "2278"]
[PlyCount "55"]
[EventDate "2020.11.??"]
[EventType "tourn"]
[EventRounds "9"]
[EventCountry "DEN"]

1. Nf3 Nf6 2. c4 c5 3. Nc3 e6 4. e3 d5 5. cxd5 exd5 6. Bb5+ Nbd7 7. d4 c4 8. e4
dxe4 9. Ne5 a6 10. Bxc4 Nxe5 11. dxe5 Qxd1+ 12. Nxd1 Ng4 13. Bf4 g5 14. Bxg5
Rg8 15. Bf4 Bg7 16. Bd5 Bf5 17. Ne3 Nxe3 18. fxe3 Rc8 19. O-O Rc2 20. Rf2 Rxf2
21. Kxf2 Ke7 22. Rc1 Rd8 23. Rc7+ Rd7 24. Bg5+ f6 25. exf6+ Bxf6 26. Bxf6+ Kxf6
27. Rxd7 Bxd7 28. Bxe4 1-0

[Event "Chess House GM 2020"]
[Site "Aarhus"]
[Date "2020.12.01"]
[Round "4"]
[White "Heimisson, Hilmir Freyr"]
[Black "Haubro, Martin"]
[Result "1-0"]
[WhiteElo "2318"]
[BlackElo "2434"]
[PlyCount "95"]
[EventDate "2020.11.??"]
[EventType "tourn"]
[EventRounds "9"]
[EventCountry "DEN"]

1. e4 c5 2. Nf3 d6 3. Bb5+ Nd7 4. a4 Ngf6 5. Nc3 g6 6. O-O Bg7 7. Re1 O-O 8. d4
cxd4 9. Nxd4 a6 10. Bf1 Qc7 11. Qd2 Re8 12. b3 Nc5 13. Bb2 e5 14. Nf3 Bg4 15.
Qe3 Bd7 16. Nd2 Ne6 17. Rac1 Nf4 18. Nc4 b5 19. Qb6 Qd8 20. Qxd8 Rexd8 21. Nb6
b4 22. Na2 a5 23. Nxa8 Rxa8 24. c3 bxc3 25. Rxc3 Ne6 26. Bc4 Bf8 27. f3 Rb8 28.
Bc1 Be7 29. Rd1 h5 30. Be3 h4 31. Rc2 Nh5 32. Nc3 Nhf4 33. g3 hxg3 34. hxg3 Nh5
35. Nd5 Bd8 36. Kg2 f5 37. g4 Nhg7 38. Rh1 f4 39. Bf2 Bg5 40. Rcc1 Kf7 41. Rh7
Bd8 42. Rh8 Bc6 43. Nc3 Ke7 44. Rh7 Kf6 45. g5+ Nxg5 46. Bh4 Rb7 47. Nd5+ Kf7
48. Nb4+ 1-0

[Event "Chess House GM 2020"]
[Site "Aarhus"]
[Date "2020.12.01"]
[Round "4"]
[White "Danielsen, Henrik"]
[Black "Boe Olsen, Filip"]
[Result "1/2-1/2"]
[WhiteElo "2517"]
[BlackElo "2354"]
[PlyCount "47"]
[EventDate "2020.11.??"]
[EventType "tourn"]
[EventRounds "9"]
[EventCountry "DEN"]

1. Nf3 d5 2. g3 g6 3. Bg2 Bg7 4. O-O e5 5. d3 Ne7 6. e4 O-O 7. b4 f5 8. Bb2
dxe4 9. dxe4 Qxd1 10. Rxd1 fxe4 11. Ng5 Nbc6 12. Nc3 Nd4 13. Bxe4 Bg4 14. Nd5
Nec6 15. Nxc7 Rac8 16. Bd5+ Kh8 17. Nce6 Nxb4 18. f3 Bxe6 19. Bxe6 Rce8 20.
Nf7+ Kg8 21. Nh6+ Kh8 22. Nf7+ Kg8 23. Nh6+ Kh8 24. Nf7+ 1/2-1/2

[Event "Chess House GM 2020"]
[Site "Aarhus"]
[Date "2020.12.01"]
[Round "4"]
[White "Grigorian, Spartak"]
[Black "Nilssen, Ellen Fredericia"]
[Result "1-0"]
[WhiteElo "2433"]
[BlackElo "2174"]
[PlyCount "83"]
[EventDate "2020.11.??"]
[EventType "tourn"]
[EventRounds "9"]
[EventCountry "DEN"]

1. d4 d5 2. c4 e6 3. Nc3 a6 4. cxd5 exd5 5. Bf4 Nf6 6. e3 Bd6 7. Bg3 Be6 8. Bd3
h6 9. Nge2 Bxg3 10. Nxg3 Nbd7 11. O-O O-O 12. Rc1 Nb6 13. Qc2 c6 14. b4 Qe7 15.
Qb2 Ne8 16. e4 dxe4 17. Ncxe4 Nd6 18. Nc5 Bc4 19. Rfe1 Qc7 20. Bb1 Bd5 21. Qc2
g6 22. h4 Nb5 23. Qd2 Kg7 24. a4 Na3 25. Ba2 Nac4 26. Qc2 Na3 27. Qb2 Nac4 28.
Bxc4 Nxc4 29. Rxc4 Bxc4 30. d5+ Kh7 31. Nge4 h5 32. Nf6+ Kh6 33. Qc1+ Kg7 34.
Qxc4 Qd6 35. Ncd7 Rfd8 36. Qc3 Kh6 37. Ne5 Qf8 38. g4 cxd5 39. g5+ Kg7 40. Ned7
Qe8 41. Nxh5+ Kh7 42. Qg7# 1-0

[Event "Chess House GM 2020"]
[Site "Aarhus"]
[Date "2020.12.02"]
[Round "5"]
[White "Haubro, Martin"]
[Black "Thybo, Jesper Sondergaard"]
[Result "1/2-1/2"]
[WhiteElo "2434"]
[BlackElo "2565"]
[PlyCount "127"]
[EventDate "2020.11.??"]
[EventType "tourn"]
[EventRounds "9"]
[EventCountry "DEN"]

1. e4 c5 2. Nf3 e6 3. d4 cxd4 4. Nxd4 Nc6 5. Nc3 Nf6 6. Ndb5 Bc5 7. Nd6+ Ke7 8.
Nxc8+ Rxc8 9. Bd3 Qc7 10. f4 d6 11. Qf3 Nb4 12. Bd2 Nxd3+ 13. cxd3 Bd4 14. Nb5
Qb6 15. Nxd4 Qxd4 16. Bc3 Rxc3 17. bxc3 Qxc3+ 18. Kf2 Qd2+ 19. Kg3 g5 20. h3
Nh5+ 21. Kh2 Qxf4+ 22. Qxf4 Nxf4 23. Rac1 Kd7 24. Rhf1 Rf8 25. Rc3 e5 26. Ra3
Rc8 27. Rf2 Ke8 28. g3 Ne6 29. Rxa7 Nc5 30. Ra3 Ke7 31. Kg2 f6 32. Kf3 h5 33.
Ke3 Rh8 34. Ra7 h4 35. g4 Rc8 36. a4 Ke6 37. Rb2 Kd7 38. a5 Kc6 39. Rc2 Rf8 40.
Rb2 Re8 41. Kd2 Rf8 42. Rb4 Rc8 43. Rc4 Rd8 44. Rb4 d5 45. Ke2 dxe4 46. dxe4
Kc7 47. a6 Kb8 48. Rbxb7+ Nxb7 49. Rxb7+ Ka8 50. Rb6 Rd4 51. Ke3 Ra4 52. Rxf6
Ra3+ 53. Kf2 Ra2+ 54. Kf3 Ra3+ 55. Ke2 Rxh3 56. Rf5 Rg3 57. Rxg5 h3 58. Rh5
Rxg4 59. Kf3 Rf4+ 60. Ke3 Rf6 61. Rxh3 Rxa6 62. Rh5 Ra3+ 63. Kf2 Kb7 64. Rxe5
1/2-1/2

[Event "Chess House GM 2020"]
[Site "Aarhus"]
[Date "2020.12.02"]
[Round "5"]
[White "Ramsdal, Jens Albert"]
[Black "Grigorian, Spartak"]
[Result "0-1"]
[WhiteElo "2292"]
[BlackElo "2433"]
[PlyCount "168"]
[EventDate "2020.11.??"]
[EventType "tourn"]
[EventRounds "9"]
[EventCountry "DEN"]

1. d4 d5 2. c4 e6 3. Nf3 Nf6 4. Bg5 h6 5. Bxf6 Qxf6 6. Nc3 Bb4 7. Qb3 c5 8. e3
Nc6 9. cxd5 exd5 10. Bb5 O-O 11. dxc5 Bxc3+ 12. Qxc3 Qxc3+ 13. bxc3 Na5 14. Nd4
Be6 15. O-O Rfd8 16. Nb3 Nc4 17. Rfd1 Rdc8 18. c6 bxc6 19. Bxc4 dxc4 20. Nd4
Bd7 21. Nf3 Bg4 22. Rd6 f6 23. Nd4 c5 24. Nc6 Rc7 25. Rb1 Kf8 26. f3 Bh5 27.
Rbd1 Be8 28. Nd8 Rcc8 29. e4 Rab8 30. Ne6+ Kf7 31. Nf4 Rb6 32. R1d2 Rcb8 33.
Kf2 Rxd6 34. Rxd6 Rb2+ 35. Kg3 Rxa2 36. Nd5 Rb2 37. Ra6 Rb7 38. Ra5 Bb5 39. f4
a6 40. f5 g6 41. fxg6+ Kxg6 42. Kf4 h5 43. g3 Rf7 44. Ra2 f5 45. exf5+ Rxf5+
46. Ke4 Rf1 47. Nf4+ Kh6 48. Rd2 Rc1 49. Rd6+ Kh7 50. Nd5 a5 51. Kf5 Kg7 52.
Rg6+ Kf7 53. Rf6+ Ke8 54. Ke6 Kd8 55. Kd6 a4 56. Kxc5 a3 57. Rf2 Rb1 58. Ra2
Rb3 59. Nb4 Bd7 60. Kd4 Be6 61. h4 Kd7 62. Re2 Rb2 63. Re5 Rd2+ 64. Ke3 Rg2 65.
Kf3 Rb2 66. Ra5 Rb3 67. Na2 Kc7 68. Ke4 Kb6 69. Rxh5 Rb2 70. Rh6 Rxa2 71. Rxe6+
Kb5 72. Re5+ Ka4 73. Kd4 Rg2 74. Kxc4 Rxg3 75. h5 Rg4+ 76. Kd3 a2 77. Re1 Kb3
78. Rh1 Rg3+ 79. Kd4 Rh3 80. Rxh3 a1=Q 81. h6 Qg1+ 82. Ke5 Qg5+ 83. Kd6 Qf6+
84. Kc7 Qe7+ 0-1

[Event "Chess House GM 2020"]
[Site "Aarhus"]
[Date "2020.12.03"]
[Round "6"]
[White "Ramsdal, Jens Albert"]
[Black "Georgescu, Lena"]
[Result "1-0"]
[WhiteElo "2292"]
[BlackElo "2278"]
[PlyCount "219"]
[EventDate "2020.11.??"]
[EventType "tourn"]
[EventRounds "9"]
[EventCountry "DEN"]

1. d4 Nf6 2. c4 e6 3. Nc3 Bb4 4. Qc2 O-O 5. Nf3 c5 6. dxc5 Na6 7. g3 Nxc5 8.
Bg2 Nce4 9. O-O Nxc3 10. bxc3 Be7 11. e4 d6 12. e5 dxe5 13. Nxe5 Qc7 14. Qe2
Nd7 15. Bf4 Bd6 16. Rfe1 Bxe5 17. Bxe5 Nxe5 18. Qxe5 Qxc4 19. Rad1 Qxa2 20. Re4
Qa3 21. Rg4 g6 22. h4 Qe7 23. Rgd4 a5 24. h5 f6 25. Qb5 gxh5 26. Be4 f5 27. Bc2
Ra6 28. Bb3 Rc6 29. Qxa5 Qc5 30. Qa2 Qxc3 31. Rd8 Qf6 32. Rxf8+ Qxf8 33. Qa5
Rd6 34. Rc1 Rc6 35. Rd1 Kg7 36. Ba4 Qc5 37. Qd8 Rc7 38. Qg5+ Kf7 39. Qxh5+ Kg7
40. Qg5+ Kf7 41. Qh6 Qf8 42. Qxh7+ Qg7 43. Qh5+ Kf6 44. Rd8 b5 45. Bd1 Rc1 46.
Kh2 Rxd1 47. Rxd1 Bb7 48. Rd8 Bd5 49. Re8 Ke5 50. Rd8 Qa7 51. f4+ Ke4 52. Qe2+
Qe3 53. Qxb5 Qf2+ 54. Kh3 Qd2 55. Rc8 Ke3 56. Qb6+ Kf3 57. Qg1 Qb2 58. Qf1+ Ke4
59. Qg2+ Qxg2+ 60. Kxg2 Ke3+ 61. Kh2 Kf3 62. Rc7 Be4 63. Kh3 Bd5 64. Kh4 Be4
65. Rc3+ Kg2 66. g4 fxg4 67. Kxg4 Bf5+ 68. Kg5 Kf2 69. Kf6 Ke2 70. Ke5 Kd2 71.
Rg3 Ke2 72. Kd4 Kf2 73. Ra3 Ke2 74. Ra5 Kf3 75. Ke5 Kg3 76. Ra3+ Kg4 77. Rc3
Kh4 78. Kd4 Kg4 79. Ke3 Kg3 80. Rc7 Kg2 81. Ra7 Kg3 82. Rg7+ Kh4 83. Rg1 Kh5
84. Kd4 Kh4 85. Ke5 Bg4 86. Ke4 Kh3 87. Ke3 Kh4 88. Kf2 Kh5 89. Kg3 Bf5 90.
Rh1+ Kg6 91. Kh4 Be4 92. Ra1 Kf5 93. Kg3 Bd5 94. Ra5 Kf6 95. Kf2 Bc4 96. Rh5
Bd5 97. Ke3 Bb3 98. Rh6+ Kf5 99. Rh8 Bd5 100. Rf8+ Kg4 101. Kd4 Bb3 102. Ke4
Bc2+ 103. Ke5 Bb3 104. Rd8 Ba2 105. Rb8 Kf3 106. Rb2 Bc4 107. Rb4 Ba2 108. Ra4
Bb1 109. Kxe6 Kg4 110. f5+ 1-0

[Event "Chess House GM 2020"]
[Site "Aarhus"]
[Date "2020.12.03"]
[Round "6"]
[White "Heimisson, Hilmir Freyr"]
[Black "Nilssen, Ellen Fredericia"]
[Result "1-0"]
[WhiteElo "2318"]
[BlackElo "2174"]
[PlyCount "93"]
[EventDate "2020.11.??"]
[EventType "tourn"]
[EventRounds "9"]
[EventCountry "DEN"]

1. e4 e6 2. d4 d5 3. Nc3 Bb4 4. e5 c5 5. a3 Bxc3+ 6. bxc3 Qa5 7. Bd2 Qa4 8. Qb1
c4 9. Qd1 Nc6 10. Qg4 g6 11. Qd1 Bd7 12. Nf3 O-O-O 13. g3 f6 14. h4 fxe5 15.
dxe5 Nge7 16. Bg2 h6 17. O-O Rdf8 18. Re1 Rf5 19. Bh3 Rf7 20. Nd4 Nxd4 21. cxd4
g5 22. h5 Nf5 23. Bb4 Rg8 24. Bg4 Kb8 25. Qd2 c3 26. Qd1 Rc8 27. Bxf5 Rxf5 28.
Rb1 Ka8 29. Rb3 g4 30. Re3 Rxh5 31. Qxg4 Rg5 32. Qf4 Rcg8 33. Rexc3 Bc6 34. Rf3
Be8 35. Rbc3 Qd7 36. Bd6 Rf5 37. Qe3 Bg6 38. Rc7 Qb5 39. Qc3 Qe8 40. Qb4 b6 41.
Rb3 Rf7 42. Be7 Rxe7 43. Rxe7 Qb8 44. Rc3 Rc8 45. Rxc8 Qxc8 46. Qa4 Qc3 47.
Qxa7# 1-0